000 00595nam a2200229Ia 4500
003 OSt
005 20220924122553.0
006 a|||||r|||| 00| 0
007 ta
008 220923b |||||||| |||| 00| 0 urd d
024 _a316251
037 _cTextual
040 _aARTS
_cARTS
_burd
041 _2urd
_aurd
082 _aO168,1NFZx, M9
100 _aZubaid Farooq
_9189964
245 0 _aSar-e-Kahsar
260 _aLuckhnow
_bNusrat India
_c1989
650 _aURDU POETRY
942 _hO168,1NFZx, M9
_cTEXL
_2CC
999 _c412193
_d412193